Statistics for Manchester United Squad 2019-20

Click here to take the quiz!

General Stats

  • This quiz has been taken 33 times
  • The average score is 22 of 33

Answer Stats

HintAnswer% Correct
Spanish GKDe Gea
100%
Brazilian CMFred
100%
Swedish CBLindelof
100%
English CBMaguire
100%
French STMartial
100%
Serbian CDMMatic
100%
English STRashford
100%
English LBShaw
100%
French CMPogba
97%
Ivorian CBBailly
93%
Portuguese CAMFernandes
93%
Scottish CM/CDMMcTominay
93%
English RBWan Bissaka
93%
Portuguese RBDalot
90%
Nigerian STIghalo
83%
Welsh RMJames
83%
Spanish CAMMata
83%
Argentinian GKRomero
83%
English CAMLingard
73%
English CBJones
70%
Brazilian CAMPereira
53%
English LWBWilliams
47%
Dutch LMChong
43%
English STGreenwood
43%
Dutch RBFosu Mensah
37%
English CBTuanzebe
33%
English GKGrant
27%
English CDMGarner
23%
English CAMGomes
20%
English RBLaird
7%
Northern Irish CDMGalbraith
3%
English CBBernard
0%
Welsh CMLevitt
0%

Score Distribution

Percentile by Number Answered

Percent of People with Each Score

Your Score History

You have not taken this quiz